000 01226nam a2200229Ii 4500
003 JO-AjNU
005 20240630100055.0
008 230605s9999||||xx |||||||||||||| ||und||
040 _aJO-AjNU
_bara
_erda
_cJO-AjNU
041 _aara
050 1 4 _aQA76 2017
100 3 _aاعداد الفياض، رشا غني هاشم؛ اشراف احمد حسن القضاة,
_eauthor
_957649
245 0 0 _aدرجة امتلاك اساتذة الرياضيات للكفايات الحاسوبية وممارستهم لها في كليات التربية في الجامعات العراقية= The Degree of Possessing and Practicing the Computer Competencies by Mathematics Teachers at the Iragi Universities
264 3 1 _a 2017
300 _a103 ورقة
336 _atext
_btxt
_2rdacontent
337 _aunmediated
_bn
_2rdamedia
338 _avolume
_bnc
_2rdacarrier
500 _aرسالة جامعية( ماجستير في مناهج الرياضيات ومعالجة البيانات)--جامعة ال البيت، كلية العلوم التربوية(المفرق)، 2017، يشتمل على جداول توضيحية
650 4 _aالرياضيات - تعليم - معالجة بيانات
_957650
942 _2lcc
_cTHS
999 _c29415
_d29415